00626 aa a2200205 a 450000500170000000800410001702000150005802000180007304000730009104100080016406000110017210000280018324500530021126000340026430000330029849000330033165000170036465000130038165000260039420180312144704.0140509s2006 sp a | 00| 0 spa d a8441416028 a9788441416024 aCO-BoUCMbspacSandra Palacio (modificó)dDavid Avila (modificó)0 aspa aBF 3701 aCampayo, Ramónd1965-10aDesarrolla una mente prodigiosacRamón Campayo aMadrid (España)bEDAFc2004 a237 páginasbilustraciones0 aPsicología y autoayudav44 aMnemotecnia  aMemoria  aMétodos de estudio